Sinh học lớp 11

Uloženo v:
Podrobná bibliografie
Hlavní autor: Hoàng Đức Nhuận
Médium: Kniha
Jazyk:Undetermined
Vydáno: Hà Nội Giáo dục 1991
Témata:
Tagy: Přidat tag
Žádné tagy, Buďte první, kdo otaguje tento záznam!
Thư viện lưu trữ: Trung tâm Học liệu Trường Đại học Cần Thơ
LEADER 00529nam a2200181Ia 4500
001 CTU_3470
008 210402s9999 xx 000 0 und d
082 |a 574.07 
082 |b Nh502 
100 |a Hoàng Đức Nhuận 
245 0 |a Sinh học lớp 11 
245 0 |c Hoàng Đức Nhuận, Đặng Hữu Lanh 
260 |a Hà Nội 
260 |b Giáo dục 
260 |c 1991 
650 |a biology - study and teaching 
904 |i Minh, 960909 
980 |a Trung tâm Học liệu Trường Đại học Cần Thơ